<?xml version="1.0" encoding="UTF-8"?><?xml-stylesheet type="text/xsl" href="static/style.xsl"?><OAI-PMH xmlns="http://www.openarchives.org/OAI/2.0/" xmlns:xsi="http://www.w3.org/2001/XMLSchema-instance" xsi:schemaLocation="http://www.openarchives.org/OAI/2.0/ http://www.openarchives.org/OAI/2.0/OAI-PMH.xsd"><responseDate>2026-04-14T06:23:26Z</responseDate><request verb="GetRecord" identifier="oai:www.recercat.cat:10459.1/58515" metadataPrefix="marc">https://recercat.cat/oai/request</request><GetRecord><record><header><identifier>oai:recercat.cat:10459.1/58515</identifier><datestamp>2024-12-05T21:23:39Z</datestamp><setSpec>com_2072_3622</setSpec><setSpec>col_2072_479130</setSpec></header><metadata><record xmlns="http://www.loc.gov/MARC21/slim" xmlns:dcterms="http://purl.org/dc/terms/" xmlns:xsi="http://www.w3.org/2001/XMLSchema-instance" xmlns:doc="http://www.lyncode.com/xoai" xsi:schemaLocation="http://www.loc.gov/MARC21/slim http://www.loc.gov/standards/marcxml/schema/MARC21slim.xsd">
   <leader>00925njm 22002777a 4500</leader>
   <datafield ind2=" " ind1=" " tag="042">
      <subfield code="a">dc</subfield>
   </datafield>
   <datafield ind2=" " ind1=" " tag="720">
      <subfield code="a">Farré Martinez, Gemma</subfield>
      <subfield code="e">author</subfield>
   </datafield>
   <datafield ind2=" " ind1=" " tag="720">
      <subfield code="a">Capell Capell, Teresa</subfield>
      <subfield code="e">author</subfield>
   </datafield>
   <datafield ind2=" " ind1=" " tag="720">
      <subfield code="a">Zhu, Changfu</subfield>
      <subfield code="e">author</subfield>
   </datafield>
   <datafield ind2=" " ind1=" " tag="720">
      <subfield code="a">Christou, Paul</subfield>
      <subfield code="e">author</subfield>
   </datafield>
   <datafield ind2=" " ind1=" " tag="720">
      <subfield code="a">Blancquaert, Dieter</subfield>
      <subfield code="e">author</subfield>
   </datafield>
   <datafield ind2=" " ind1=" " tag="720">
      <subfield code="a">Van Der Straeten, Dominique</subfield>
      <subfield code="e">author</subfield>
   </datafield>
   <datafield ind2=" " ind1=" " tag="260">
      <subfield code="c">2016-11-15T13:22:09Z</subfield>
   </datafield>
   <datafield ind2=" " ind1=" " tag="260">
      <subfield code="c">2025-01-01</subfield>
   </datafield>
   <datafield ind2=" " ind1=" " tag="260">
      <subfield code="c">2014</subfield>
   </datafield>
   <datafield ind2=" " ind1=" " tag="520">
      <subfield code="a">Metabolic engineering can be used to modulate endogenous metabolic pathways&#xd;
in plants or introduce new metabolic capabilities in order to increase&#xd;
the production of a desirable compound or reduce the accumulation of an&#xd;
undesirable one. In practice, there are several major challenges that need&#xd;
to be overcome, such as gaining enough knowledge about the endogenous&#xd;
pathways to understand the best intervention points, identifying and sourcing&#xd;
the most suitable metabolic genes, expressing those genes in such a way as&#xd;
to produce a functional enzyme in a heterologous background, and, finally,&#xd;
achieving the accumulation of target compounds without harming the host&#xd;
plant. This article discusses the strategies that have been developed to engineer&#xd;
complex metabolic pathways in plants, focusing on recent technological&#xd;
developments that allow the most significant bottlenecks to be overcome.</subfield>
   </datafield>
   <datafield ind2=" " ind1=" " tag="520">
      <subfield code="a">Research at the Universitat de Lleida is supported by MICINN, Spain (BIO2011-23324, BIO02011-22525, BIO2012-35359, and PIM2010PKB-00746); European Union Framework 7 Program–SmartCell Integrated Project 222716; European Union Framework 7 European Research Council IDEAS Advanced Grant Program-BIOFORCE (to P.C.); RecerCaixa; COST Action FA0804 (Molecular Farming: Plants as a Production Platform for High Value Proteins); and Centre CONSOLIDER on Agrigenomics, funded by MICINN, Spain. Research at Ghent University is supported by Bijzonder Onderzoeksfonds (BOF2004/GOA/012 and BOF2009/GOA/004 to D.V.D.S.) and the Research Foundation Flanders (3G012609 to D.V.D.S.). D.B. is indebted to the Research Foundation Flanders for a PhD fellowship.</subfield>
   </datafield>
   <datafield ind1="8" ind2=" " tag="024">
      <subfield code="a">http://hdl.handle.net/10459.1/58515</subfield>
   </datafield>
   <datafield tag="653" ind2=" " ind1=" ">
      <subfield code="a">Metabolic bottleneck</subfield>
   </datafield>
   <datafield tag="653" ind2=" " ind1=" ">
      <subfield code="a">Metabolic branch</subfield>
   </datafield>
   <datafield tag="653" ind2=" " ind1=" ">
      <subfield code="a">Metabolic conversion</subfield>
   </datafield>
   <datafield tag="653" ind2=" " ind1=" ">
      <subfield code="a">Metabolic diversity</subfield>
   </datafield>
   <datafield ind2="0" ind1="0" tag="245">
      <subfield code="a">Engineering complex metabolic pathways in plants</subfield>
   </datafield>
</record></metadata></record></GetRecord></OAI-PMH>